Cena České republiky za jakost Porovnání se světem a s ISO 9000

Vznik národných a medzinárodných cien za akosť v súvislosti so zvýšením konkurencieschopnosti a podnikateľskej úspešnosti firiem. História vzniku cien (USA, Európa, Česko). Cieľ programu Ceny ČR za akosť. ISO 9000 a Cena ČR za akosť. Prínosy národnej Ceny ČR za akosť.

Gespeichert in:
Bibliographische Detailangaben
1. Verfasser: Prágl, V.
Format: Buchkapitel
Sprache:Tschechisch
Schlagworte:
Tags: Tag hinzufügen
Keine Tags, Fügen Sie das erste Tag hinzu!

MARC

LEADER 00000naa a2200000 4500
001 r027281
005 20230922084940.9
041 0 |a cze 
044 |a CZ 
245 1 0 |a Cena České republiky za jakost  |b Porovnání se světem a s ISO 9000  |c V. Prágl 
520 |a Vznik národných a medzinárodných cien za akosť v súvislosti so zvýšením konkurencieschopnosti a podnikateľskej úspešnosti firiem. História vzniku cien (USA, Európa, Česko). Cieľ programu Ceny ČR za akosť. ISO 9000 a Cena ČR za akosť. Prínosy národnej Ceny ČR za akosť. 
610 2 0 |a kvalita 
610 2 0 |a certifikácia 
610 2 0 |a USA 
610 2 0 |a Európa 
610 2 0 |a Česko 
610 2 0 |a Cena ČR za akosť 
610 2 0 |a ISO 9000 
610 2 0 |a systém riadenia kvality 
610 2 0 |a konkurencieschopnosť 
610 2 0 |a motivácia 
610 2 0 |a riadenie kvality 
100 1 |a Prágl, V.